| 000 | 00624nam a22001935i 4500 | ||
|---|---|---|---|
| 001 | 161657 | ||
| 003 | ES-MaACL | ||
| 005 | 20230906212331.0 | ||
| 008 | 991103s1900 fr |||| | fre d | ||
| 040 |
_aCCPB | B _bspa _cCCPB | B |
||
| 100 | 1 |
_aPelloutier, Fernand. _990109 |
|
| 245 | 1 | 3 |
_aLa vie ouvrière en France / _cpar Fernand Pelloutier et Maurice Pelloutier. |
| 260 |
_aParis : _bSchleicher Frères, _c1900. |
||
| 300 |
_a342 p. ; _c20 cm. |
||
| 650 | 4 |
_aDerecho laboral- _zFrancia. _9135890 |
|
| 700 | 1 | 0 |
_aPelloutier, Maurice. _990110 |
| 752 |
_aFrancia - _dParís |
||
| 852 |
_aES-MaACL _jF-9571 _z-- Enc. hol. |
||
| 999 |
_c161657 _d161657 |
||